| 000 | 00307nam a2200097Ia 4500 | ||
|---|---|---|---|
| 008 | 220204s9999 xx 000 0 und d | ||
| 082 |
_a339.1:338.45 (5) _bREP |
||
| 245 | 0 | _aReport of Indian industrialists goodwill delegation to West Asian Countries | |
| 260 |
_aIndia _bMinistry of Commerce _c1965 |
||
| 942 | _cBK | ||
| 999 |
_c22338 _d22338 |
||